BIBLIOTHÈQUE DE LA MAISON DU MEXIQUE

Logo 1 Logo 2

La supervivencia de Cuauhtémoc (notice nᵒ 11621)

détails MARC
000 -Sello discográfico
campo de control de longitud fija 01066nam a2200313 4500
005 - Identificación de versión
campo de control 20251016083844.0
035 ## - Otros números de control del sistema
Número de control del sistema 1429
099 ## - fechas locales
Tipo de ítem Koha LIBRO
100 ## - Datos de procesamiento general
Datos de procesamiento general 20040906d1951 m y1spay5003 ba
105 ## - Campo de datos codificados: Material textual, monográfico
Datos codificados de monografía a 001zy
200 1# - Título y mención de responsabilidad
Título propio La supervivencia de Cuauhtémoc
Designación general del material texto impreso
Otra información del título hallazgo de los restos del héroe
Primer mención de responsabilidad Héctor Pérez Martínez, Eulalia Guzmán, Alfonso Quiroz Cuarón, ... [et al.]
Declaración de responsabilidad subsiguiente nota preliminar José Angel Ceniceros
210 ## - Publicación, distribución, etc.
Lugar de publicación, distribución, etc. México
Nombre del editor, distribuidor, etc. Ediciones "Criminalia"
Fecha de publicación, distribución, etc. 1951
215 ## - Descripción física
Designación de material específico y extensión del ítem 228 p
Otras características físicas il.
Dimensiones 23 cm
345 ## - Nota de información de adquisición
Fuente de adquisición/dirección de la suscripción [OBSOLETO] Donación
600 ## - Nombre personal usado como materia
Elemento de entrada Cuauhtémoc
Fechas 1495?-1525?
Adiciones al nombre que no sean fechas emperador de México
Número Koha 3470
607 ## - Nombre geográfico utilizado como tema
Elemento de entrada Ixcateopan, Guerrero (México)
Subdivisión temática Antigüedades
Número Koha 3383
660 ## - Código de área geográfica
Código MX
676 ## - Clasificación Decimal Dewey
Número 913.031 P438s
700 ## - Nombre personal - Responsabilidad primaria
Elemento de entrada Pérez Martínez
Parte del nombre distinta del elemento de entrada Héctor
Fechas 1906-1948
Número Koha 8918
701 ## - Nombre personal - Responsabilidad alternativa
Elemento de entrada Guzmán
Parte del nombre distinta del elemento de entrada Eulalia
Número Koha 18280
701 ## - Nombre personal - Responsabilidad alternativa
Elemento de entrada Quiroz Cuarón
Parte del nombre distinta del elemento de entrada Alfonso
Número Koha 18281
702 ## - Nombre personal - Responsabilidad secundaria
Elemento de entrada Ceniceros
Parte del nombre distinta del elemento de entrada José Angel
Fechas 1900-1979
Número Koha 7202
801 #0 - Fuente de origen
Agencia cm
900 ## -
-- 1/7906
900 ## -
-- 7100419671\060904
942 ## - ELEMENTOS DE ENTRADA SECUNDARIOS (KOHA)
Tipo de ítem Koha Livre

Pas d'exemplaire disponible.